00589nam a22001937a 4500003000400000020001800004082001900022100002200041245005600063260005900119300001600178546001200194650002800206650003300234650004300267650003600310650002800346700002100374OSt a9789332560086 a338.88bSUN/IN aSundaram, Anant K aInternational business environment:btext and cases aNoidabPearson India Education Services Pvt. Ltdc2016 axvii, 347p. aEnglish aForces of globalization aForeign exchange: the basics aForeign exchange: transaction exposure aTheories of international trade aPolitical risk analysis aBlack, Stewart J